000
00268 a2200121 4500
001
146725
040
_c
Escola São Tomás de Aquino
100
_a
GRUSZYNSKI, Ana Clúdia
240
1
0
_a
Poesia visual
_l
por
245
1
0
_a
Poesia visual
697
_a
Poesia
942
_c
BK
999
_c
146725
_d
146725